<?xml version="1.0" encoding="UTF-8"?>
<record
    xmlns:xsi="http://www.w3.org/2001/XMLSchema-instance"
    xsi:schemaLocation="http://www.loc.gov/MARC21/slim http://www.loc.gov/standards/marcxml/schema/MARC21slim.xsd"
    xmlns="http://www.loc.gov/MARC21/slim">

  <leader>00390    a2200109   4500</leader>
  <controlfield tag="001">ART_47191</controlfield>
  <controlfield tag="005">20260410161850.0</controlfield>
  <controlfield tag="008">260409a                                 </controlfield>
  <datafield tag="245" ind1="1" ind2="0">
    <subfield code="a">De la ret&#xF3;rica del dumping a la pr&#xE1;ctica del antidumping. An&#xE1;lisis de un aspecto del proteccionismo moderno</subfield>
  </datafield>
  <datafield tag="100" ind1="1" ind2=" ">
    <subfield code="a">Montuschi, Luisa</subfield>
  </datafield>
  <datafield tag="773" ind1="0" ind2=" ">
    <subfield code="t">Econ&#xF3;mica</subfield>
    <subfield code="g">- A&#xF1;o XXXIX, N&#xBA; 1/2 (ene. 1993)</subfield>
    <subfield code="w">REV7541</subfield>
  </datafield>
  <datafield tag="999" ind1=" " ind2=" ">
    <subfield code="c">24953</subfield>
    <subfield code="d">24953</subfield>
  </datafield>
</record>
